[Event "Commonwealth Ch"]
[Site "Mumbai IND"]
[Date "2003.04.21"]
[Round "2"]
[White "Suvrajit,S"]
[Black "Narayanan,K"]
[Result "1-0"]
[WhiteElo "2391"]
[BlackElo "2049"]

1.d4 d5 2.c4 c6 3.Nf3 Nf6 4.e3 e6 5.Nc3 Nbd7 6.Bd3 Bd6 7.e4 dxe4 8.Nxe4 Nxe4
9.Bxe4 Nf6 10.Bc2 O-O 11.O-O h6 12.Bd2 Qe7 13.Qe2 Re8 14.Rad1 Qc7 15.c5 Bf8
16.Ne5 g6 17.Qf3 Nd5 18.Rfe1 Bg7 19.h4 b6 20.Ba4 Bb7 21.Rc1 b5 22.Bc2 Qe7
23.h5 g5 24.g4 Bxe5 25.dxe5 Qf8 26.Ba5 Qg7 27.Rcd1 Rab8 28.Rd4 Bc8 29.a3 Rb7
30.Qe4 Rd7 31.Red1 Ree7 32.Kh2 Kh8 33.a4 a6 34.Kg3 f6 35.axb5 axb5 36.Re1 Ra7
37.exf6 Qxf6 38.Bd8 Qf4+ 39.Qxf4 gxf4+ 40.Rxf4 Nxf4 41.Bxe7 Nxh5+ 42.Kh4 Rxe7
43.Kxh5 Kg7 44.Be4 Bd7 45.Kh4 Be8 46.Ra1 Kf6 47.f4 e5 48.f5 Rc7 49.Ra8 Bf7
50.Rd8 Ke7 51.Rd6 Rb7 52.f6+  1-0

[Event "Commonwealth Ch"]
[Site "Mumbai IND"]
[Date "2003.04.21"]
[Round "2"]
[White "Ravi,L"]
[Black "Soumitra,M"]
[Result "1-0"]
[WhiteElo "2427"]
[BlackElo "2142"]

1.d4 Nf6 2.Nf3 e6 3.c4 d5 4.Nc3 c6 5.e3 Nbd7 6.Qc2 Bd6 7.Bd3 O-O 8.O-O e5
9.cxd5 cxd5 10.Nb5 Bb8 11.dxe5 Nxe5 12.Nxe5 Bxe5 13.Bd2 a6 14.Nd4 Bd7 15.Nf3 Bd6
16.Bc3 Bg4 17.Nd4 Qc7 18.h3 Be6 19.Qb3 Qd7 20.Bb4 Bxb4 21.Qxb4 a5 22.Qa3 Bxh3
23.gxh3 Qxh3 24.Qd6 Ng4 25.Rfe1 Rfe8 26.Qf4 h5 27.Nf5 Ne5 28.Be2 Ra6 29.Nh4 Rf6
30.Qg3 Qe6 31.Bxh5 Rh6 32.Be2 Qf6 33.Ng2 Rg6 34.Qh3 Rh6 35.Qg3 Rg6 36.Qf4 Qe6
37.Red1 Qh3 38.Qh2 Qe6 39.Rd4 Rh6 40.Rh4 Rxh4 41.Qxh4 Qg6 42.Rc1 b5 43.b3 Nd3
44.Bxd3 Qxd3 45.Qg4 Qd2 46.Qd1 Qxa2 47.Qxd5 Qa3 48.Rd1 Rb8 49.Nf4 a4 50.Qe5 Qf8
51.Rd7 axb3 52.Nd5 Re8 53.Qb2 Rd8 54.Ne7+ Kh8 55.Qd4 Qxe7 56.Rxe7  1-0

[Event "Commonwealth Ch"]
[Site "Mumbai IND"]
[Date "2003.04.21"]
[Round "3"]
[White "Sorokin,M"]
[Black "Suvrajit,S"]
[Result "1/2-1/2"]
[WhiteElo "2560"]
[BlackElo "2391"]

1.d4 d5 2.c4 c6 3.Nf3 Nf6 4.Nc3 e6 5.e3 Nbd7 6.Qc2 Bd6 7.Bd3 O-O 8.O-O dxc4
9.Bxc4 a6 10.Rd1 b5 11.Be2 Qc7 12.Bd2 Bb7 13.b4 e5 14.Rac1 exd4 15.exd4 Rfe8
16.h3 Qb8 17.Qb3 Nd5 18.Nxd5 cxd5  1/2-1/2

[Event "XXI Open"]
[Site "Metz FRA"]
[Date "2003.04.22"]
[Round "4"]
[White "Roeder,M"]
[Black "Savchenko,S"]
[Result "1/2-1/2"]
[WhiteElo "2447"]
[BlackElo "2559"]

1.Nf3 d5 2.c4 c6 3.e3 Nf6 4.Nc3 e6 5.d4 Nbd7 6.Qc2 Bd6 7.Bd3 O-O 8.O-O dxc4
9.Bxc4 a6 10.Rd1 b5 11.Be2 Qc7 12.Ne4 Nxe4 13.Qxe4 e5 14.Qh4 Re8 15.Bd3 h6  1/2-1/2

[Event "Commonwealth Ch"]
[Site "Mumbai IND"]
[Date "2003.04.22"]
[Round "4"]
[White "Murshed,N"]
[Black "Visweswaran,K"]
[Result "1-0"]
[WhiteElo "2419"]
[BlackElo "2328"]

1.d4 d5 2.c4 e6 3.Nc3 c6 4.e3 Nf6 5.Nf3 Nbd7 6.Be2 Bd6 7.Qc2 O-O 8.O-O dxc4
9.a4 a6 10.Bxc4 c5 11.dxc5 Bxc5 12.Rd1 Qc7 13.Ne4 Nxe4 14.Qxe4 Nf6 15.Qh4 Be7
16.Bd2 Nd5 17.Qe4 Nf6 18.Qd3 Bd7 19.Bc3 Bc6 20.Bb3 Rfd8 21.Qc4 b5 22.Rxd8+ Rxd8
23.axb5 axb5 24.Qf1 Qb7 25.Nd4 Ne4 26.Ra7 Qxa7 27.Nxc6 Qd7 28.Nxd8 Bxd8 29.Bb4 f5
30.Qc1 Bh4 31.g3 Be7 32.Bxe7 Qxe7 33.Qc6 Nd6 34.f3 Kf7 35.Kg2 Kg6 36.e4 fxe4
37.fxe4 Qf6 38.Bc2 Qe5 39.Qxd6  1-0

[Event "Commonwealth Ch"]
[Site "Mumbai IND"]
[Date "2003.04.23"]
[Round "5"]
[White "Koneru,C"]
[Black "Swathi,G"]
[Result "1/2-1/2"]
[WhiteElo "2138"]
[BlackElo "2280"]

1.d4 d5 2.Nf3 Nf6 3.c4 c6 4.Nc3 e6 5.e3 Nbd7 6.Bd3 dxc4 7.Bxc4 b5 8.Bd3 a6
9.O-O c5 10.b3 Bb7 11.Bb2 Bd6 12.a4 b4 13.Nb1 O-O 14.Nbd2 cxd4 15.exd4 Nd5
16.Nc4 Bc7 17.Re1 Rc8 18.Nfe5 N7f6 19.Qd2 Bb8 20.Rac1 Ba7 21.Bf1 Re8 22.Ne3 Nc3
23.Bxc3 Ne4 24.Qd3 Nxc3 25.Nc2 a5 26.Nc4 Bd5 27.N2e3 Be4 28.Qd2 Ra8 29.Nd1 Bxd4
30.Nxc3 bxc3 31.Qf4 f5 32.Nd6 Rf8 33.Bc4 Rf6 34.Red1 Qb6 35.Nxe4 fxe4 36.Qxe4 Bxf2+
37.Kh1 Raf8 38.Rd3 Bc5 39.Rf3 Bb4 40.Rxf6 Rxf6 41.Rf1 Rxf1+ 42.Bxf1 g6 43.Bc4 Kf7
44.g3 Be7 45.Kg2 Bf6  1/2-1/2

[Event "City-ch"]
[Site "St Petersburg RUS"]
[Date "2003.04.24"]
[Round "9"]
[White "Klimov,S"]
[Black "Yevseev,D"]
[Result "1/2-1/2"]
[WhiteElo "2507"]
[BlackElo "2580"]

1.d4 d5 2.c4 c6 3.Nc3 e6 4.e3 Nf6 5.Nf3 Nbd7 6.Bd3 dxc4 7.Bxc4 b5 8.Bd3 Bb7
9.O-O a6 10.e4 c5 11.d5 Qc7 12.dxe6 fxe6 13.Bc2 Be7 14.Ng5 Qc6 15.f4 h6 16.Nf3 O-O-O
17.Qe2 b4 18.Nd1 Nxe4 19.Ne3 Nd6 20.a3 Qb6 21.Kh1 g5 22.Bd3 gxf4 23.Nc4 Nxc4
24.Bxc4 e5 25.Nxe5 Nxe5 26.Qxe5 Bd6 27.Qf5+ Kb8 28.Bxf4 Qc6 29.Qg4 h5 30.Qg7 Rh7
31.Qg5 Rhd7 32.Be2 Qc7 33.Bxd6 Rxd6 34.Rac1 Rd5 35.Qe3 Qe5 36.Qxe5+ Rxe5
37.Bf3 Rd2 38.axb4 cxb4 39.b3 Rd3 40.Bxb7 Kxb7 41.Rb1 Kb6 42.h3 a5 43.Kh2 Kb5
44.Rf8 Rc3  1/2-1/2

[Event "City-ch"]
[Site "St Petersburg RUS"]
[Date "2003.04.25"]
[Round "10"]
[White "Solozhenkin,E"]
[Black "Novikov,MiV"]
[Result "1/2-1/2"]
[WhiteElo "2514"]
[BlackElo "2401"]

1.d4 Nf6 2.c4 e6 3.Nf3 d5 4.Nc3 c6 5.e3 Nbd7 6.Qc2 Bd6 7.Bd3 O-O 8.O-O dxc4
9.Bxc4 a6 10.Bd2 b5 11.Bd3 Bb7 12.Ng5 h6 13.Nge4 Be7 14.Nxf6+ Nxf6 15.Ne4 Nxe4
16.Bxe4 a5 17.a3 b4 18.Rfc1 Qb6 19.Qa4 Rfc8 20.Rc4 c5 21.dxc5 Bxc5 22.Bxb7 Qxb7
23.Rac1 Bf8 24.g3  1/2-1/2

[Event "Commonwealth Ch"]
[Site "Mumbai IND"]
[Date "2003.04.26"]
[Round "9"]
[White "Vishal,S"]
[Black "Sharma,D"]
[Result "0-1"]
[WhiteElo "2086"]
[BlackElo "2384"]

1.d4 d5 2.c4 e6 3.Nc3 c6 4.e3 Nf6 5.Nf3 Nbd7 6.Bd3 dxc4 7.Bxc4 b5 8.Bd3 a6
9.e4 c5 10.e5 cxd4 11.Nxb5 axb5 12.exf6 gxf6 13.O-O Qb6 14.Qe2 b4 15.Rd1 Bc5
16.b3 Bb7 17.Bb2 Bxf3 18.Qxf3 Ke7 19.Qe4 Ne5 20.Bf1 Rhg8 21.Kh1 Rad8 22.h3 Ng6
23.Rac1 f5 24.Qc2 Rc8 25.Qd2 e5 26.Rc4 Nf4 27.Re1 Kd6 28.Rxe5 Kxe5 29.Qe3+ Kd5
30.Qxf4 Qf6 31.g3 Qe5 32.Qh6 Qe1 33.Rc1 Qxf2 34.Bg2+ Ke5 35.g4 Rg6 36.Qh5 Qxb2
37.Qxf5+ Kd6 38.Qd5+ Ke7 39.Rf1 Re6 40.Qg5+ f6 41.Qg7+ Kd6 42.Qb7 Rc7 43.Qd5+ Ke7
44.g5 Qe2 45.gxf6+ Kf7 46.Qh5+ Qxh5  0-1

[Event "60th ch-POL"]
[Site "Warsaw POL"]
[Date "2003.04.26"]
[Round "5"]
[White "Kempinski,R"]
[Black "Grabarczyk,M"]
[Result "1-0"]
[WhiteElo "2553"]
[BlackElo "2508"]

1.d4 d5 2.c4 c6 3.Nf3 Nf6 4.Nc3 e6 5.e3 Nbd7 6.Qc2 b6 7.cxd5 cxd5 8.Nb5 Bb4+
9.Bd2 Bxd2+ 10.Nxd2 O-O 11.Bd3 Bb7 12.O-O a6 13.Nc3 Qe7 14.h3 Rfc8 15.Rac1 g6
16.Qd1 e5 17.dxe5 Nxe5 18.Qe2 Qb4 19.Nb3 Ne4 20.Nxe4 dxe4 21.Rxc8+ Bxc8 22.Bc2 Bb7
23.Rd1 Qe7 24.Rd4 f5 25.Rd1 Rd8 26.Nd4 Kh8 27.Bb3 h6 28.Rd2 Kh7 29.Qd1 Rd7
30.Ne6 Rxd2 31.Qxd2 Nd3 32.Qc3 b5 33.h4 b4 34.Qc4 g5 35.Nd4 Qf8 36.Ne6 Qe7
37.Nc5 Kg6 38.Qg8+ Kh5 39.Qf7+ Qxf7 40.Bxf7+ Kxh4 41.Nxb7 Nxb2 42.Nd6 f4
43.Nxe4 fxe3 44.fxe3 Nd1 45.g3+  1-0

[Event "11th Sigeman & Co"]
[Site "Malmoe SWE"]
[Date "2003.04.29"]
[Round "1"]
[White "Hansen,Cu"]
[Black "Ivanchuk,V"]
[Result "1/2-1/2"]
[WhiteElo "2610"]
[BlackElo "2704"]

1.d4 d5 2.c4 c6 3.Nf3 Nf6 4.e3 e6 5.Nc3 Nbd7 6.Qc2 Bd6 7.Be2 O-O 8.O-O dxc4
9.Bxc4 a6 10.Rd1 b5 11.Bf1 c5 12.dxc5 Bxc5 13.Ne4 Nxe4 14.Qxe4 Nf6 15.Qc2 Qb6
16.a4 Bb7 17.axb5 axb5 18.Bd2 Be4 19.Bd3 Qb7 20.Rxa8 Rxa8 21.Bxe4 Nxe4 22.Ng5 Nxg5
23.Qxc5 Ne4 24.Qd4 Nxd2  1/2-1/2

[Event "60th ch-POL"]
[Site "Warsaw POL"]
[Date "2003.05.02"]
[Round "11"]
[White "Jaracz,P"]
[Black "Grabarczyk,M"]
[Result "1/2-1/2"]
[WhiteElo "2549"]
[BlackElo "2508"]

1.Nf3 d5 2.d4 c6 3.c4 Nf6 4.e3 e6 5.Nc3 Nbd7 6.Qc2 b6 7.Bd3 Bb7 8.O-O Be7
9.b3 Qc7 10.Bb2 Rd8 11.Rac1 Qb8 12.Qe2 O-O 13.e4 dxe4 14.Nxe4 c5 15.dxc5 bxc5
16.Rfe1 Nxe4 17.Bxe4 Bf6 18.Bxf6 Nxf6 19.Bxb7 Qxb7 20.Rcd1 a5 21.Rd3 Rxd3
22.Qxd3 a4 23.Rd1 axb3 24.axb3 h6 25.Qe3 Rb8 26.Rd3 Qc7 27.h3 Nd7 28.Qd2 Rb7
29.Qe3 Kf8 30.Rd1 Ra7 31.Qd3 Kg8 32.Qd2 Rb7 33.Qd3 Ra7 34.Qd2 Qb8 35.Qe3 Rb7
36.Rd3 Kf8 37.Qd2 Ke7 38.Qc3 Kf8 39.Qd2 Qc7 40.Qe3 Qb8 41.Qd2 Qc7 42.Qe3 Ra7
43.Rd1 Qb8 44.Qd3 Kg8 45.Qe3 Rb7 46.Rd3 Qc7 47.Rd1 Rb6 48.Qd3 Rb7 49.Qe3 Rb8
50.Rd3 Ra8 51.Rd1 Ra7 52.Qd3 Qf4 53.Qc2 Rb7 54.Rd3 Kf8 55.Qd1 Qc7 56.Qe2 Ra7
57.Rd1 Qf4 58.Qc2 Kg8 59.Qd3 Ne5 60.Nxe5 Qxe5 61.g3 Ra2 62.Qf3 Qf6 63.Qxf6 gxf6
64.Rd8+ Kg7 65.Rc8 Rb2 66.Rxc5 Rxb3 67.Rc8 f5 68.Kg2 Rc3 69.c5 Kf6 70.Rh8 Kg7
71.Rc8 h5 72.h4 f4 73.gxf4 Kf6 74.Rc7 Kg6 75.f3 f6 76.Kg3 Rc1 77.c6 Kf5 78.Rc8 Rc2
79.c7 Rc1 80.Rh8  1/2-1/2

[Event "St Petersburg vs. Moscow"]
[Site "St Petersburg RUS"]
[Date "2003.05.03"]
[Round "1"]
[White "Cherepkov,A"]
[Black "Bykhovsky,An RUS"]
[Result "1/2-1/2"]
[WhiteElo "2395"]
[BlackElo "2374"]

1.d4 d5 2.c4 e6 3.Nc3 c6 4.e3 Nf6 5.Nf3 Nbd7 6.Qc2 Bd6 7.g4 Nxg4 8.Rg1 f5
9.h3 Ngf6 10.Rxg7 Ne4 11.Bd2 Ndf6 12.Rg2 Nxd2 13.Nxd2 Bd7 14.O-O-O Ne4 15.Kb1 Nxc3+
16.Qxc3 Qf6 17.f4 O-O-O 18.Nf3 Rhg8 19.Rdd2 Rg7 20.Rxg7 Qxg7 21.Rg2  1/2-1/2

[Event "FSIMA May"]
[Site "Budapest HUN"]
[Date "2003.05.06"]
[Round "4"]
[White "Husari,Sa"]
[Black "Vigorito,D"]
[Result "1/2-1/2"]
[WhiteElo "2334"]
[BlackElo "2298"]

1.d4 d5 2.c4 c6 3.Nf3 Nf6 4.Nc3 e6 5.e3 Nbd7 6.Qc2 Bd6 7.g4 dxc4 8.Bxc4 b5
9.Bd3 Bb7 10.g5 Nd5 11.Ne4 Qe7 12.Bd2 a6 13.Rc1 Nb4 14.Bxb4 Bxb4+ 15.Ke2 c5
16.dxc5 Nxc5 17.Nxc5 Rc8 18.h4 Rxc5 19.Qb1 Bxf3+ 20.Kxf3 f5 21.a3 Qb7+ 22.Ke2 Rxc1
23.Rxc1 Bd6 24.Qc2 Ke7 25.Qc3 Rg8 26.f3 Qb8 27.Qc6 Qa7 28.Qc3 Qb8 29.b4 Be5
30.Qc5+ Bd6 31.Qc3 Be5 32.Qc5+ Bd6  1/2-1/2

[Event "National I"]
[Site "Clermont-Ferrand FRA"]
[Date "2003.05.08"]
[Round "8"]
[White "Nikcevic,N"]
[Black "Komarov,D"]
[Result "1/2-1/2"]
[WhiteElo "2462"]
[BlackElo "2560"]

1.Nf3 d5 2.c4 c6 3.e3 Nf6 4.Nc3 e6 5.d4 Nbd7 6.Qc2 Bd6 7.Bd3 O-O 8.O-O dxc4
9.Bxc4 a6 10.Bd2 c5 11.dxc5 Nxc5 12.a4 Qb6 13.b4 Ncd7 14.Ne4 Be7 15.Nxf6+  1/2-1/2

[Event "Capablanca Mem Elite"]
[Site "Havana CUB"]
[Date "2003.05.08"]
[Round "3"]
[White "Morovic Fernandez,I"]
[Black "Dominguez,L"]
[Result "1/2-1/2"]
[WhiteElo "2551"]
[BlackElo "2603"]

1.d4 d5 2.c4 c6 3.Nc3 Nf6 4.e3 e6 5.Nf3 Nbd7 6.Qc2 Bd6 7.Bd3 O-O 8.O-O dxc4
9.Bxc4 a6 10.Rd1 b5 11.Be2 Qc7 12.e4 e5 13.g3 Re8 14.dxe5 Nxe5 15.Bg5 Nxf3+
16.Bxf3 Ng4 17.Rac1 h6 18.Bd2 Qa7 19.Be1  1/2-1/2

[Event "National I"]
[Site "Clermont-Ferrand FRA"]
[Date "2003.05.10"]
[Round "10"]
[White "Mensch,E"]
[Black "Crut,A"]
[Result "1-0"]
[WhiteElo "2337"]
[BlackElo "2352"]

1.d4 d5 2.c4 e6 3.Nc3 c6 4.e3 Nf6 5.Nf3 Nbd7 6.Bd3 Bd6 7.e4 dxe4 8.Nxe4 Nxe4
9.Bxe4 c5 10.O-O Qc7 11.h3 h6 12.b3 Nf6 13.Bc2 b6 14.dxc5 bxc5 15.Bb2 Bb7
16.Qe2 Qc6 17.Rfe1 O-O-O 18.Bxf6 gxf6 19.Be4 Qc7 20.Bxb7+ Qxb7 21.Qe4 Be7
22.Kf1 Rhg8 23.Qxb7+ Kxb7 24.Rad1 Kc6 25.Rxd8 Rxd8 26.Ke2 Bd6 27.Rd1 Rg8
28.g4 a5 29.Rd3 Ra8 30.Nd2 a4 31.Ne4 Be5 32.Rf3 axb3 33.axb3 Ra2+ 34.Kf1 Rb2
35.Nxf6 Bxf6 36.Rxf6 Rxb3 37.Rxh6 Kd6 38.Kg2 Ke5 39.Rh5+ Kd4 40.Rh7 Kxc4
41.Rxf7 Rb8 42.g5 Kd4 43.h4 Rg8 44.Kg3 c4 45.Rc7 c3 46.Kg4 Kd3 47.h5 c2 48.h6 Kd2
49.h7 Rh8 50.g6 c1=Q 51.Rxc1 Kxc1 52.Kg5  1-0

[Event "National I"]
[Site "Clermont-Ferrand FRA"]
[Date "2003.05.10"]
[Round "10"]
[White "Lefebvre,H"]
[Black "Sarthou,G"]
[Result "1-0"]
[WhiteElo "2202"]
[BlackElo "2375"]

1.c4 c6 2.Nc3 d5 3.d4 Nf6 4.e3 e6 5.Nf3 Nbd7 6.Bd3 dxc4 7.Bxc4 b5 8.Bd3 Bd6
9.O-O O-O 10.e4 e5 11.Bg5 Bb7 12.Re1 a6 13.Rc1 Re8 14.Bb1 Rc8 15.a3 h6 16.Bh4 exd4
17.Nxd4 Bf4 18.Nf5 Qc7 19.Nd5 Nxd5 20.exd5 Bxc1 21.d6 Qa5 22.Ne7+ Kh8 23.Qxc1 Rcd8
24.b4 Qb6 25.Qc2 Nf8 26.Qb3 Ne6 27.Rxe6 Qd4 28.Qc2 f5 29.Bg3 Bc8 30.Be5 Bxe6
31.Bxd4 Rxd6 32.Bc5 Rd7 33.h3 Rdxe7 34.Bxe7 Rxe7 35.Qxc6 Bd7 36.Qd6  1-0

[Event "National I"]
[Site "Clermont-Ferrand FRA"]
[Date "2003.05.10"]
[Round "10"]
[White "Schlosser,P"]
[Black "Rainfray,A"]
[Result "1/2-1/2"]
[WhiteElo "2527"]
[BlackElo "2401"]

1.Nf3 d5 2.d4 Nf6 3.c4 e6 4.Nc3 c6 5.e3 Nbd7 6.Qc2 Bd6 7.Bd3 O-O 8.O-O dxc4
9.Bxc4 a6 10.Rd1 c5 11.a4 Qc7 12.dxc5 Bxc5 13.Ne4 Be7 14.Bd2 b6 15.Nxf6+ Nxf6
16.Rac1  1/2-1/2

[Event "National I"]
[Site "Clermont-Ferrand FRA"]
[Date "2003.05.10"]
[Round "10"]
[White "Vallin,G"]
[Black "Flear,G"]
[Result "0-1"]
[WhiteElo "2412"]
[BlackElo "2509"]

1.d4 d5 2.c4 c6 3.Nc3 Nf6 4.e3 e6 5.Nf3 Nbd7 6.Bd3 dxc4 7.Bxc4 b5 8.Bd3 Bb7
9.e4 b4 10.Na4 c5 11.e5 Nd5 12.O-O h6 13.Re1 Rc8 14.dxc5 Nxc5 15.Bc2 Nxa4
16.Bxa4+ Bc6 17.Be3 Nxe3 18.Bxc6+ Rxc6 19.Qxd8+ Kxd8 20.Rxe3 Bc5 21.Rd3+ Ke7
22.Rad1 Rhc8 23.b3 Bb6 24.Kf1 Rc2 25.R3d2 Rxd2 26.Rxd2 Rc5 27.Nd4 a5 28.g3 g5
29.Kg2 g4 30.Rc2 Rc3 31.Rxc3 bxc3 32.Nc2 Bc7 33.f4 gxf3+ 34.Kxf3 Bxe5 35.Ke4 Kd6
36.Ne3 f5+ 37.Kd3 Kc5 38.Nc4 Bd4 39.Nxa5 e5 40.a3 e4+ 41.Kc2 Bg1 42.h3 Bf2
43.b4+ Kd5 44.Kxc3 Bxg3 45.Kd2 f4 46.Nb3 f3 47.Ke3 Bc7 48.a4 Bb6+ 49.Kd2 Kc4
50.a5 Ba7 51.Nc1 Kxb4 52.a6 Ka3  0-1

[Event "Capablanca Mem Elite"]
[Site "Havana CUB"]
[Date "2003.05.10"]
[Round "5"]
[White "Vera,R"]
[Black "Dominguez,L"]
[Result "1/2-1/2"]
[WhiteElo "2546"]
[BlackElo "2603"]

1.d4 Nf6 2.c4 c6 3.Nc3 d5 4.e3 e6 5.Nf3 Nbd7 6.Bd3 dxc4 7.Bxc4 b5 8.Bd3 Bb7
9.e4 b4 10.Na4 c5 11.e5 Nd5 12.O-O cxd4 13.Nxd4 Nxe5 14.Bb5+ Nd7 15.Qh5 Nf6
16.Nxe6 Nxh5 17.Nxd8 Rxd8 18.Re1+ Be7 19.Nc5 Bc8 20.Bg5 Nf6 21.Rad1 h6 22.Bxf6 gxf6
23.Nxd7 Bxd7 24.Rxd7 Rxd7 25.Rd1 O-O 26.Rxd7 Bc5 27.Bc4 Bb6 28.g3 Kg7 29.Kg2 f5
30.Kf3 Kg6 31.h4 Rd8 32.Bxf7+ Kf6 33.Rxd8 Bxd8 34.Bb3 Bb6 35.Bc2 Bd4 36.b3 Bb6
37.Ke2 Bc5 38.f3 Bd6 39.f4 Bc5 40.Bd3 Bb6 41.Kf3 Bc5 42.g4 fxg4+ 43.Kxg4 Bf2
44.h5 Bb6 45.Kf3 Bc5 46.Ke4 Bf2 47.Bc4  1/2-1/2

[Event "Capablanca Mem Elite"]
[Site "Havana CUB"]
[Date "2003.05.11"]
[Round "6"]
[White "Arencibia,W"]
[Black "Morovic Fernandez,I"]
[Result "0-1"]
[WhiteElo "2520"]
[BlackElo "2551"]

1.d4 d5 2.c4 c6 3.Nc3 Nf6 4.e3 e6 5.Nf3 Nbd7 6.Bd3 dxc4 7.Bxc4 b5 8.Bd3 Bb7
9.e4 b4 10.Na4 c5 11.e5 Nd5 12.Nxc5 Nxc5 13.dxc5 Bxc5 14.Ng5 Qc7 15.O-O O-O-O
16.Qc2 Kb8 17.Re1 Rc8 18.Bf1 Qb6 19.Qe2 Rc7 20.Ne4 Bd4 21.a4 bxa3 22.Rxa3 Bxe5
23.Nd2 Bd4 24.Rb3 Nf4 25.Qg4 Bxf2+ 26.Kh1 Qc6 27.Nc4 Nd5 28.Qxg7 Rhc8 29.Bd2 Bxe1
30.Bxe1 Ka8 31.Qg3 Qd7 32.Nd6 Rd8 33.Nb5 Rc5 34.Nxa7 Qc7 35.Ra3 Kb8 36.Nb5 Rxb5
37.Bxb5 Nf4 38.Bf1 e5 39.Qe3 Rd4 40.Kg1 f6 41.Bf2 Rd1 42.Rc3 Bxg2 43.Be1 Qb7
44.Qc5 Nh3+ 45.Rxh3 Bxh3 46.Bxh3 Rxe1+ 47.Kf2 Ra1 48.Qd6+ Ka7  0-1

[Event "FSIMA May"]
[Site "Budapest HUN"]
[Date "2003.05.12"]
[Round "10"]
[White "Galyas,M"]
[Black "Jakab,A"]
[Result "1-0"]
[WhiteElo "2413"]
[BlackElo "2388"]

1.d4 Nf6 2.c4 e6 3.Nf3 d5 4.Nc3 c6 5.e3 Nbd7 6.Qc2 Bd6 7.e4 dxe4 8.Nxe4 Nxe4
9.Qxe4 Nf6 10.Qc2 c5 11.Bd2 cxd4 12.Nxd4 Bc5 13.Nb3 Be7 14.O-O-O Qc7 15.Bd3 Bd7
16.Bc3 Ba4 17.Kb1 O-O-O 18.Qe2 Kb8 19.Rc1 Bxb3 20.axb3 Qb6 21.Bc2 Bc5 22.f3 Bd4
23.Bxd4 Rxd4 24.Rhd1 Rhd8 25.Qe5+ Kc8 26.Rxd4 Rxd4 27.Qg5 Kd7 28.Qxg7 Ke7
29.g4  1-0

[Event "Capablanca Mem Premier I"]
[Site "Havana CUB"]
[Date "2003.05.12"]
[Round "7"]
[White "Almeida,O"]
[Black "Otero,D"]
[Result "1/2-1/2"]
[WhiteElo "2437"]
[BlackElo "2394"]

1.d4 d5 2.c4 c6 3.Nf3 Nf6 4.Nc3 e6 5.e3 Nbd7 6.Be2 Bd6 7.O-O O-O 8.Qc2 Re8
9.Rd1 Qe7 10.h3 h6 11.b3 dxc4 12.bxc4 e5 13.a4 e4 14.Nd2 Nf8 15.Qb3 Bb8 16.Ba3 Qc7
17.Nf1 Ng6 18.d5 Bxh3 19.d6 Qd7 20.Ng3 h5 21.gxh3 Qxh3 22.Bf1 Qg4 23.Be2 Qh3
24.Bf1 Qg4 25.Qxb7 h4 26.Ne2 hxg3 27.Nxg3 Nh4 28.Bg2 Nxg2 29.Kxg2 Qf3+ 30.Kg1 Ng4
31.Rd2 Nxe3 32.fxe3 Qxg3+ 33.Rg2 Qxe3+ 34.Rf2  1/2-1/2

[Event "Capablanca Mem Mixto"]
[Site "Havana CUB"]
[Date "2003.05.12"]
[Round "7"]
[White "Perea,O"]
[Black "Ruiz Jimenez,F"]
[Result "1-0"]
[WhiteElo "2388"]
[BlackElo "2200"]

1.d4 d5 2.c4 c6 3.Nc3 Nf6 4.e3 e6 5.Nf3 Nbd7 6.Qc2 Bd6 7.Bd3 O-O 8.O-O Qe7
9.c5 Bc7 10.e4 e5 11.exd5 cxd5 12.Re1 Re8 13.dxe5 Nxe5 14.Nxe5 Bxe5 15.Bf4 Bxf4
16.Rxe7 Rxe7 17.Bxh7+ Kh8 18.Bf5 Be6 19.g3 Be5 20.Re1 Bxc3 21.Qxc3 Rae8 22.Bd3 Bh3
23.Rxe7 Rxe7 24.Qb4 d4 25.c6 Nd5 26.cxb7  1-0

[Event "67th ch-BUL"]
[Site "Sofia BUL"]
[Date "2003.05.13"]
[Round "7"]
[White "Cheparinov,I"]
[Black "Karakehajov,K"]
[Result "1-0"]
[WhiteElo "2508"]
[BlackElo "2273"]

1.d4 d5 2.c4 e6 3.Nc3 c6 4.e3 Nf6 5.Nf3 Nbd7 6.Bd3 Be7 7.O-O O-O 8.b3 b6
9.Bb2 Bb7 10.Qe2 Qc7 11.Rad1 Rad8 12.Ne5 Nxe5 13.dxe5 Nd7 14.f4 Rfe8 15.Qh5 g6
16.Qe2 Bf8 17.Bb1 Ba6 18.h4 Nc5 19.Rd4 Nb7 20.h5 Bg7 21.Nb5 Qd7 22.Nc3 Qc7
23.Rfd1 Na5 24.Qd2 Nb7 25.cxd5 cxd5 26.e4 Bf8 27.exd5 Bc5 28.Ne4 Bxd4+ 29.Qxd4 Kh8
30.d6 Qc6 31.Rc1 Qb5 32.Nf6 Rf8 33.hxg6 hxg6 34.f5 Kg7 35.fxe6 Rc8 36.Rd1 Nc5
37.e7 Rh8 38.e6 Nxe6 39.Ne8+  1-0

[Event "Capablanca Mem Premier I"]
[Site "Havana CUB"]
[Date "2003.05.16"]
[Round "11"]
[White "Almeida,O"]
[Black "Rodriguez Guerrero,E"]
[Result "1-0"]
[WhiteElo "2437"]
[BlackElo "2502"]

1.d4 d5 2.c4 c6 3.Nf3 Nf6 4.Nc3 e6 5.e3 Nbd7 6.Be2 dxc4 7.a4 Bb4 8.O-O O-O
9.Bxc4 Qe7 10.a5 b5 11.axb6 Nxb6 12.Bd3 c5 13.Na2 cxd4 14.Nxb4 Qxb4 15.b3 dxe3
16.Ba3 Qf4 17.Bxf8 Kxf8 18.Bb5 Bd7 19.Bxd7 Nbxd7 20.Qd4 exf2+ 21.Rxf2 Qc7
22.Rfa2 Nb6 23.Ra6 Nfd5 24.Ne5 Kg8 25.Rf1 Rf8 26.Rfa1 Nc8 27.Nc6 Qb7 28.Qa4 Ndb6
29.Qb5 Nd6 30.Qc5 Ne4 31.Ne7+ Kh8 32.Ng6+ hxg6 33.Qxf8+ Kh7 34.Rxa7 Qd5 35.Qb4 Nc8
36.Rxf7 Ncd6 37.Rf3 g5 38.Re1 Nf6 39.Rfe3 Nh5 40.Re5 Qc6 41.Rxg5 Nf6 42.Rge5  1-0

[Event "28th Elekes Mem GM"]
[Site "Budapest HUN"]
[Date "2003.05.17"]
[Round "1"]
[White "Galyas,M"]
[Black "Sprenger,J"]
[Result "1/2-1/2"]
[WhiteElo "2413"]
[BlackElo "2431"]

1.d4 d5 2.c4 e6 3.Nf3 Nf6 4.Nc3 c6 5.e3 Nbd7 6.Qc2 Bd6 7.e4 dxe4 8.Nxe4 Nxe4
9.Qxe4 Bb4+ 10.Bd2 Bxd2+ 11.Nxd2 c5 12.dxc5 Qa5 13.Be2 O-O 14.a3 Qxc5 15.O-O Nf6  1/2-1/2

[Event "TCh-Serbia & Montenegro"]
[Site "Budva YUG"]
[Date "2003.05.18"]
[Round "?"]
[White "Milanovic,Da"]
[Black "Ivanisevic,I"]
[Result "0-1"]
[WhiteElo "2429"]
[BlackElo "2569"]

1.d4 d5 2.c4 c6 3.Nf3 Nf6 4.Nc3 e6 5.e3 Nbd7 6.Qc2 Bd6 7.g4 dxc4 8.Bxc4 Qe7
9.e4 e5 10.g5 Nh5 11.Be2 g6 12.Be3 exd4 13.Nxd4 Nf4 14.O-O-O Ng2 15.Bd2 Nc5
16.Rhg1 Nf4 17.Be3 Be6 18.Qd2 Nxe2+ 19.Qxe2 O-O-O 20.f4 Bc7 21.Qf2 Bxa2 22.Nxa2 Qxe4
23.Nc3 Nd3+ 24.Rxd3 Qxd3 25.Rd1 Qc4 26.Qe2 Qxe2 27.Ndxe2 Rxd1+ 28.Kxd1 h6
29.h4 hxg5 30.hxg5 Rh3 31.Kd2 Kd7 32.Ne4 Ba5+ 33.N4c3 b6 34.Bd4 c5 35.Be5 b5
36.Kd1 b4 37.Ne4 c4 38.Nd4 Bb6 39.Nf6+ Kc8 40.Nb5 Bc5 41.Ne8 Kd7 42.Nf6+ Kc6
43.Nc7 Rh1+ 44.Kd2 Rh2+ 45.Kd1 c3  0-1

[Event "TCh-Serbia & Montenegro"]
[Site "Budva YUG"]
[Date "2003.05.18"]
[Round "?"]
[White "Markus,R"]
[Black "Nikcevic,N"]
[Result "1/2-1/2"]
[WhiteElo "2472"]
[BlackElo "2462"]

1.d4 d5 2.c4 c6 3.Nc3 Nf6 4.e3 e6 5.Nf3 Nbd7 6.Qc2 b6 7.Be2 Bb7 8.O-O Be7
9.Rd1 O-O 10.b3 c5 11.cxd5 exd5 12.Bb2 Qc7 13.Rac1 Rad8 14.Bd3 Rfe8 15.Ne2 Ne4
16.Ng3 Ndf6 17.Bb5 Bc6 18.Bxc6 Qxc6 19.Ne5 Qe6 20.Nd3 Bd6 21.dxc5 Nxc5 22.Nxc5 bxc5
23.Bxf6 Qxf6 24.Rxd5 Bxg3 25.Rxd8 Bxf2+ 26.Qxf2 Qxd8 27.Rxc5 Qd1+ 28.Qf1 Qd2
29.Rc7 f6 30.h3 Qxe3+ 31.Qf2 a6 32.Qxe3 Rxe3 33.Kf2 Rd3 34.Ke2 Rg3 35.Kf2 Rd3
36.Ke2 Rg3 37.Kf2 Rd3  1/2-1/2

[Event "ch-RUS w"]
[Site "Elista RUS"]
[Date "2003.05.18"]
[Round "1"]
[White "Styazhkina,O"]
[Black "Guseva,M"]
[Result "1-0"]
[WhiteElo "2355"]
[BlackElo "2191"]

1.d4 d5 2.c4 e6 3.Nf3 Nf6 4.Nc3 c6 5.e3 Nbd7 6.Qc2 Bd6 7.g4 Nxg4 8.Rg1 Nxh2
9.Nxh2 Bxh2 10.Rxg7 Qf6 11.Rg2 Bd6 12.Bd2 Qf3 13.Rg1 Nf6 14.Be2 Qf5 15.Bf3 Qxf3
16.e4 Ng4 17.Nd1 h5 18.e5 Be7 19.Be3 Qh3 20.Qc3 Qh2 21.Rf1 Rg8 22.Qc2 Qh3
23.Qc3 Qh2  1-0

[Event "Capablanca Mem Elite"]
[Site "Havana CUB"]
[Date "2003.05.18"]
[Round "11"]
[White "Vera,R"]
[Black "Morovic Fernandez,I"]
[Result "1/2-1/2"]
[WhiteElo "2546"]
[BlackElo "2551"]

1.d4 d5 2.c4 c6 3.Nc3 Nf6 4.e3 e6 5.Nf3 Nbd7 6.Qc2 Bd6 7.g4 Nxg4 8.Rg1 Qf6
9.Rxg4 Qxf3 10.Rxg7 Nf8 11.Rg1 Ng6 12.Bd2 Bxh2 13.Be2 Qf6 14.Rh1 Bd6 15.O-O-O Bd7
16.Kb1 O-O-O 17.cxd5 exd5 18.Nxd5 Qxf2 19.Bd3 Kb8 20.Rdf1 Qg2 21.Nf6 Bc8
22.Rfg1 Qf3 23.Rf1 Qg2 24.Rfg1  1/2-1/2

[Event "22nd Mitropa Cup"]
[Site "Pula CRO"]
[Date "2003.05.18"]
[Round "2"]
[White "Varga,P"]
[Black "Pavasovic,D"]
[Result "1/2-1/2"]
[WhiteElo "2486"]
[BlackElo "2584"]

1.d4 d5 2.c4 e6 3.Nc3 c6 4.e3 Nf6 5.Nf3 Nbd7 6.Qc2 Bd6 7.Bd3 O-O 8.O-O dxc4
9.Bxc4 b5 10.Be2 Bb7 11.Rd1 Qc7 12.h3 Rfe8 13.Ng5 a6 14.Nce4 Be7 15.Nxf6+ Nxf6
16.Bf3 Rac8 17.Bd2 c5 18.dxc5 Bxc5 19.Rac1 Bxf3 20.Nxf3 Qb7 21.Qb1 Ne4 22.Be1 Be7
23.Rxc8 Rxc8 24.Rc1 Rxc1 25.Qxc1 Bf6 26.Bb4  1/2-1/2

[Event "Bosnia GM"]
[Site "Sarajevo BIH"]
[Date "2003.05.20"]
[Round "3"]
[White "Bareev,E"]
[Black "Dizdarevic,E"]
[Result "1-0"]
[WhiteElo "2734"]
[BlackElo "2491"]

1.d4 d5 2.c4 e6 3.Nc3 c6 4.e3 Nf6 5.Nf3 Nbd7 6.Bd3 Be7 7.O-O b6 8.b3 Bb7
9.Bb2 O-O 10.Qc2 h6 11.Rac1 Rc8 12.Qe2 c5 13.Rfd1 cxd4 14.Nxd4 Bc5 15.cxd5 Nxd5
16.Nxd5 Bxd5 17.Ba6 Rb8 18.e4 Ba8 19.b4 Bxb4 20.Bb5 Nc5 21.Nc2 Qg5 22.Nxb4 Bxe4
23.f3  1-0